Rozišli sme.../inc./

Bibliographic Details
Main Author: Lermontov, Michail Jurievič, 1814-1841 (Author)
Format: Article
Language:Slovak
PhysicalDescription:Literárna príloha - Smena, č. 30, s. 7.
Subjects:

MARC

LEADER 00000nab a2200000 a 4500
001 vtls000108301
003 SK-MaSNL
005 20260303204212.0
008 111104c1981 xo 0 slo
015 |a SNBRB19rr/mm-uuuuu 
035 |a CL0118404 
040 |a SNKBUCL  |b slo  |c SNKBUCL  |e AACR2 
041 0 |a slo 
044 |a xo  |c SK 
080 |a 882-1  |2 1981 
100 1 |a Lermontov, Michail Jurievič,  |d 1814-1841  |4 aut  |9 217826 
245 1 0 |a Rozišli sme.../inc./  |c Michail Jurievič Lermontov 
300 |b Literárna príloha - Smena, č. 30, s. 7. 
650 0 7 |a básne lyrické  |2 snkbucl  |9 403933 
650 0 7 |a sovietska literatúra  |2 snkbucl  |9 22300 
655 7 |a články z novín a časopisov  |2 snkbucl  |9 267496 
655 7 |a články z odboru literárna veda a krásna literatúra  |2 snkbucl  |9 770045 
773 0 |t Smena  |g Roč. 34, č. 300 (19. 12. 1981) 
850 |a Slovenská národná knižnica v Martine  |a MTA001 
852 |a SNK  |b KIS3GCP 
958 |a RK 
958 |a LX 
992 |a RBX 
999 |c 2188930  |d 2190860